Tenancy deposits (Record no. 81822)

MARC details
000 -LEADER
fixed length control field 01187cab a22002175a 4500
001 - CONTROL NUMBER
control field L148399
008 - FIXED-LENGTH DATA ELEMENTS--GENERAL INFORMATION
fixed length control field 090914s2009 xxk f gs 000 0 eng d
035 ## - SYSTEM CONTROL NUMBER
System control number (Sirsi) u148399
041 0# - LANGUAGE CODE
Language code of text/sound track or separate title eng
100 1# - MAIN ENTRY--PERSONAL NAME
Personal name Ives, Paul
245 00 - TITLE STATEMENT
Title Tenancy deposits
Remainder of title a review of the tenancy deposit adjudication process under TDP
260 ## - PUBLICATION, DISTRIBUTION, ETC.
Date of publication, distribution, etc. 2009
490 ## - SERIES STATEMENT
Series statement Letting Update Journal
Volume/sequential designation 17 (2) July 2009, 14-20 (7)
520 ## - SUMMARY, ETC.
Summary, etc. Discusses the three current deposit schemes under the statutory tenancy deposit protection (TDP) and their provision for alternative dispute resolution. Reports four cases of TDP adjudications and their outcome. Considers issues regarding alternative dispute resolution. Provides advice for avoiding disputes. Presents the small claims route as the recommended route for a landlord whose claim is larger than the tenancy deposit.
590 ## - LOCAL NOTE (RLIN)
Local note KA
651 #4 - SUBJECT ADDED ENTRY--GEOGRAPHIC NAME
Geographic name England and Wales
Chronological subdivision 1543-
690 ## - LOCAL SUBJECT ADDED ENTRY--TOPICAL TERM (OCLC, RLIN)
Topical term or geographic name as entry element PROPERTY-RESIDENTIAL PROPERTY-RESIDENTIAL LANDLORD AND TENANT-RESIDENTIAL TENANCIES
690 ## - LOCAL SUBJECT ADDED ENTRY--TOPICAL TERM (OCLC, RLIN)
Topical term or geographic name as entry element MANAGEMENT-DISPUTE AVOIDANCE, MANAGEMENT AND RESOLUTION-DISPUTE MANAGEMENT AND RESOLUTION-ALTERNATIVE DISPUTE RESOLUTION
700 1# - ADDED ENTRY--PERSONAL NAME
Personal name Hopkins, Phillip
942 ## - ADDED ENTRY ELEMENTS (KOHA)
Suppress in OPAC 0
Holdings
Withdrawn status Lost status Source of classification or shelving scheme Damaged status Not for loan Home library Current library Shelving location Date acquired Total Checkouts Full call number Barcode Date last seen Copy number Price effective from Koha item type
    Dewey Decimal Classification     London London Journal article 14/09/2009   L148399 148399-1001 06/08/2019 1 06/08/2019 Journal article